Franchising <an> international perspective

Saved in:
Bibliographic Details
Other Authors: Hoy, Frank, Stanworth, John
Format: Book
Language:English
Published: London and New York Routledge 2003
Subjects:
Tags: Add Tag
No Tags, Be the first to tag this record!

MARC

LEADER 00000nam$a2200000$$$4500
001 0002777
005 20240104132949.7
020 |a 0-415-28419-8 
041 0 |a eng 
044 |a GB 
245 1 0 |a Franchising  |b <an> international perspective  |c Edited by Frank Hoy and John Stanworth 
264 1 |a London and New York  |b Routledge  |c 2003 
300 |a 257 s. 
610 2 0 |a franchising 
610 2 0 |a hospodárstvo trhové 
610 2 0 |a modely 
610 2 0 |a firmy 
610 2 0 |a kontrakty 
610 2 0 |a distribúcia 
610 2 0 |a vlastníctvo 
610 2 0 |a výhody konkurenčné 
700 1 |a Hoy, Frank 
700 1 |a Stanworth, John